Bible Book or Bible Character? Quiz Stats

 Plays Quiz Updated Mar 2, 2020

Support Sporcle.
Go Orange.
Score 0/25 Timer 04:00
4 Plays Today
% Correct
Ezekiel
90.1%
Isaiah
88.4%
Jeremiah
87.8%
John
87.6%
Esther
87.1%
Daniel
87%
Job
85.5%
Ruth
82.5%
Joshua
81.8%
Ezra
81.1%
Amos
80.2%
Hosea
79.5%
Jude
78.8%
% Correct
Nehemiah
78.6%
Micah
77.3%
Zechariah
76.8%
Habakkuk
74.8%
Jonah
73.1%
Obadiah
70.9%
Haggai
69.7%
Titus
69%
Philemon
69%
Joel
66.2%
Zephaniah
62.5%
Nahum
59.5%

From the Vault

'The Middle' Lyrics

by arctanproject

Music 8m
Guaranteed to be stuck in your head the rest of the day.
Remove Ads.
Support Sporcle.
Get the best of Sporcle when you Go Orange. This ad-free experience offers more features, more stats, and more fun while also helping to support Sporcle. Thank you for becoming a member.

Show Comments

Extras

Top Quizzes Today


Score Distribution

Your Account Isn't Verified!

In order to create a playlist on Sporcle, you need to verify the email address you used during registration. Go to your Sporcle Settings to finish the process.

Report this User

Report this user for behavior that violates our Community Guidelines.

Details: